000 00462nam a22001577a 4500
999 _c672
_d672
008 181025b xxu||||| |||| 00| 0 eng d
040 _aFEVP
_cFEVP
041 _aspa
092 _bB967
100 _aBuróz Castillo, Eduardo
245 _aLa gestión ambiental.
_bMarco de referencia para las evaluaciones de impacto ambiental.
260 _aCaracas-Venezuela
_bFundación Polar
_c1998
300 _a376
500 _aDonación de Enrique Vila
942 _2ddc
_cLIB